000 00558cam a22001457a 4500
008 180718b1967 xxu||||| |||| 00| 0 eng d
082 _aA99 M883d
100 _aSubramaniam, Saminatha
245 _aDr. A. Ramaswami Mudaliar and Dr. A. Lakshmanaswami Mudaliar: 81st birthday
_cEdited by Saminatha Subramaniam
260 _aMadras
_bPresentation Committee
_c1967
300 _a597p.
500 _aCommemoration Volume
650 _aMudaliar, Arcot Lakshmanaswami, Sir, 1887-1974 -- Biography
650 _aMudaliar, Arcot Ramaswami, Sir, 1887-1976 -- Biography
999 _c502742
_d502742